| 000 | 00491nam a2200193Ia 4500 | ||
|---|---|---|---|
| 003 | GCL | ||
| 008 | 140319s9999 xx 000 0 eng d | ||
| 040 |
_aGCL / _cGCL |
||
| 082 | 0 | 4 |
_a954.042 _bN D |
| 100 | 1 | _aDIKSHIT, SHELA | |
| 245 | 1 | 0 |
_aJAWAHARLAL NEHRU / _cDIKSHIT, SHELA |
| 700 | 1 | _aSINGH, K. NATWAR | |
| 700 | 1 | _aPRASAD, H.Y. SHARADA | |
| 260 |
_a[S.N] : _bOXFORD UNIVERSITY PRESS ، _c1989 |
||
| 300 | _a735 P | ||
| 650 | 0 | 4 | _aINDIA |
| 650 | 0 | 4 | _aNEHRU, INDIA |
| 942 |
_2ddc _cBK |
||
| 999 |
_c19360 _d19360 |
||